<?xml version="1.0" encoding="UTF-8"?>
<record
    xmlns:xsi="http://www.w3.org/2001/XMLSchema-instance"
    xsi:schemaLocation="http://www.loc.gov/MARC21/slim http://www.loc.gov/standards/marcxml/schema/MARC21slim.xsd"
    xmlns="http://www.loc.gov/MARC21/slim">

  <leader>03858cam a2200373Ii 4500</leader>
  <datafield tag="999" ind1=" " ind2=" ">
    <subfield code="c">27573</subfield>
    <subfield code="d">27573</subfield>
  </datafield>
  <controlfield tag="001">9781315856827</controlfield>
  <controlfield tag="003">OSt</controlfield>
  <controlfield tag="005">20240802192331.0</controlfield>
  <controlfield tag="006">a|||||o|||| 00| 0 </controlfield>
  <controlfield tag="008">180706s2013    nyu     ob    001 0 eng d</controlfield>
  <datafield tag="020" ind1=" " ind2=" ">
    <subfield code="a">9781315856827</subfield>
    <subfield code="q">(e-book : PDF)</subfield>
  </datafield>
  <datafield tag="020" ind1=" " ind2=" ">
    <subfield code="a">9781317931867</subfield>
    <subfield code="q">(e-book: Mobi)</subfield>
  </datafield>
  <datafield tag="020" ind1=" " ind2=" ">
    <subfield code="a">9781317931874</subfield>
    <subfield code="q">(e-book: ePub)</subfield>
  </datafield>
  <datafield tag="020" ind1=" " ind2=" ">
    <subfield code="z">9780415857727</subfield>
    <subfield code="q">(hardback)</subfield>
  </datafield>
  <datafield tag="024" ind1="7" ind2=" ">
    <subfield code="a">10.4324/9781315856827 </subfield>
    <subfield code="2">doi</subfield>
  </datafield>
  <datafield tag="035" ind1=" " ind2=" ">
    <subfield code="a">(OCoLC)865656306</subfield>
  </datafield>
  <datafield tag="040" ind1=" " ind2=" ">
    <subfield code="c">imu-kc</subfield>
  </datafield>
  <datafield tag="050" ind1=" " ind2="4">
    <subfield code="a">K1196.A42006</subfield>
    <subfield code="b">M37 2013</subfield>
  </datafield>
  <datafield tag="082" ind1="0" ind2="4">
    <subfield code="a">344.017613875</subfield>
    <subfield code="b">M342</subfield>
  </datafield>
  <datafield tag="245" ind1="0" ind2="4">
    <subfield code="a">The Maritime Labour Convention 2006 :</subfield>
    <subfield code="b">international labour law redefined /</subfield>
    <subfield code="c">Jennifer Lavelle.</subfield>
  </datafield>
  <datafield tag="264" ind1=" " ind2="1">
    <subfield code="a">New York :</subfield>
    <subfield code="b">Informa Law from Routledge,</subfield>
    <subfield code="c">2013.</subfield>
  </datafield>
  <datafield tag="300" ind1=" " ind2=" ">
    <subfield code="a">1 online resource (xxxi, 366 pages)</subfield>
  </datafield>
  <datafield tag="490" ind1="1" ind2=" ">
    <subfield code="a">Maritime and transport law library</subfield>
  </datafield>
  <datafield tag="505" ind1="0" ind2=" ">
    <subfield code="a">ch. 1. The Maritime Labour Convention 2006 in the European union / Ariadne Abel -- ch. 2. Increased seafarer protection under the Maritime Labour Convention 2006 : a maltese flag perspective / Adrian Attart &amp; Paul Gonzi -- ch. 3. The shipmaster and the Maritime Labor Convention 2006 / John A.C. Cartner --  ch. 4. Yachting and the Maritime Labor Convention 2006 / Mateusz Bek -- ch. 5. Crewing insurance under the Maritime Labor Convention 2006 / Johanna Hjalmarsson -- ch. 6. Seafarer abandonment insurance : a system of financial security for seafarers / Denis Nifontov, with contributions from Thomas Brown and Nicholas Maddalena -- ch. 7. Seafarers and modern piracy / Graham Caldwell -- ch. 8. The enforcement procedures of the Maritime Labour Convention 2006 / Alexandros X.M. Ntovas -- ch. 9. How to determine jurisdiction and governing law in disputes arising out of a seafarer's employment agreement / Jennifer Lavelle -- ch. 10. Implementation of the Maritime Labour Convention 2006 / Maritime &amp; Coastguard Agency.</subfield>
  </datafield>
  <datafield tag="520" ind1=" " ind2=" ">
    <subfield code="a">"With the Maritime Labour Conventions entry into force in August 2013, the shipping industry will soon be faced with a new international convention that has comprehensive implications across all sectors. This vital text provides timely analysis and thought-provoking essays regarding the Conventions application and enforcement in practice.Hailed as the "Seafarers Bill of Rights" and the "fourth pillar" of the international regulatory regime for quality shipping, the Maritime Labour Convention is set to significantly alter the playing field for key stakeholders. This book offers diverse and interesting commentary in respect of the Conventions impact on core sectors of the shipping industry, identifying both strengths and weaknesses of the Convention, as well as potential hurdles that will need to be overcome. Each chapter focuses on a different aspect of the Convention, ranging from individual rights of the seafarer to challenges of flag State implementation. Special attention is given to enforcement through examination of the innovative measures provided in the Convention itself, along with discussion of domestic enforcement mechanisms in certain States. Furthermore, the book evaluates whether the Convention has filled existing gaps in maritime labour law, resolved prior difficulties or created new problems.This book expertly addresses issues of fundamental importance to national authorities, shipping professionals and associations, maritime lawyers and academics worldwide"--</subfield>
    <subfield code="c">Provided by publisher.</subfield>
  </datafield>
  <datafield tag="630" ind1="0" ind2="0">
    <subfield code="a">Maritime Labour Convention</subfield>
    <subfield code="d">(2006)</subfield>
  </datafield>
  <datafield tag="650" ind1=" " ind2="0">
    <subfield code="a">Merchant mariners</subfield>
    <subfield code="x">Legal status, laws, etc.</subfield>
  </datafield>
  <datafield tag="650" ind1=" " ind2="0">
    <subfield code="a">Labor laws and legislation, International.</subfield>
  </datafield>
  <datafield tag="700" ind1="1" ind2=" ">
    <subfield code="a">Lavelle, Jennifer.</subfield>
  </datafield>
  <datafield tag="776" ind1="0" ind2="8">
    <subfield code="i">Print version: </subfield>
    <subfield code="z">9780415857727</subfield>
    <subfield code="w">(DLC) 2013024040</subfield>
  </datafield>
  <datafield tag="830" ind1=" " ind2="0">
    <subfield code="a">Maritime and transport law library.</subfield>
  </datafield>
  <datafield tag="856" ind1="4" ind2="0">
    <subfield code="u">https://www.taylorfrancis.com/books/9781315856827</subfield>
    <subfield code="z">Click here to view.</subfield>
  </datafield>
  <datafield tag="942" ind1=" " ind2=" ">
    <subfield code="2">ddc</subfield>
    <subfield code="c">EBK</subfield>
  </datafield>
</record>
